Inventari del fons de l'Hospital de Sant Andreu de Manresa / Marc Torras i Serra
Descripción Física:
65 p. ; 23 cm
Colección:
Inventaris i Catàlegs de l' Arxiu ; 4
MARC
| LEADER | 00000nam a2200000Ia 4500 | ||
|---|---|---|---|
| 001 | 11595 | ||
| 003 | BGR | ||
| 005 | 20260324175210.0 | ||
| 008 | 160829s1996 xx 000 0 cat d | ||
| 080 | |a A-2-79 | ||
| 100 | 1 | |a Torras i Serra, Marc |9 19874 | |
| 245 | |a Inventari del fons de l'Hospital de Sant Andreu de Manresa / Marc Torras i Serra | ||
| 260 | |a Manresa : |b Arxiu Històric de la Ciutat, |c 1996 | ||
| 300 | |a 65 p. ; |c 23 cm | ||
| 490 | |a Inventaris i Catàlegs de l' Arxiu ; 4 | ||
| 650 | |a Hospital de Sant Andreu (Manresa) |x Catàlegs |9 19875 | ||
| 650 | |a Arxiu Històric de la Ciutat (Manresa) |x Catàlegs |9 28592 | ||
| 650 | |a Manresa |x Història |x Fonts |x Bibliografia |x Catàlegs |9 19877 | ||
| 710 | 1 | |9 70358 |a Arxiu Històric de la Ciutat (Manresa) | |
| 901 | |a Arxiu | ||
| 942 | |n 1 |2 udc |c MON | ||
| 952 | |0 0 |1 0 |4 0 |6 A279 |7 1 |9 41355 |a Arxiu |b Arxiu |d 2016-12-01 |l 0 |o A-2-79 |p 11595 |r 2016-12-01 00:00:00 |w 2016-12-01 |y ARXIU | ||
| 999 | |c 43162 |d 43162 | ||